Ideología: Cuestiones teóricas y metodológicas para su estudio /

Gorde:
Xehetasun bibliografikoak
Egile nagusia: Gálvez Borrell, Víctor
Formatua: Texto
Etiketak: Etiketa erantsi
Etiketarik gabe, Izan zaitez lehena erregistro honi etiketa jartzen!

MARC

LEADER 00000 a a2200000 04500
001 45348
003
040
090 |a REV0780 (19)1986  
100 |a Gálvez Borrell, Víctor  
245 |a Ideología:   |b Cuestiones teóricas y metodológicas para su estudio /  |c Víctor Gálvez Borrell  
773 |g número19, III Epoca (Julio - Diciembre, 1986), páginas 9-23  
999 |c 38099  |d 38099